000 00293nam a22001337a 4500
008 170302b xxu||||| |||| 00| 0 eng d
020 _a65767
041 _aeng
080 _a616.073
100 _a6
101 _aSHM
245 _aRADIOISOTOPES AND RADIATION
_cLAWRENCE, J.H
942 _2udc
_cBK
999 _c6548
_d6548